| 000 | 01364cam a2200385 i 4500 | ||
|---|---|---|---|
| 001 | 31332 | ||
| 003 | KOSZ 005 | ||
| 005 | 20221216141410.0 | ||
| 008 | 980505s1997 pl f f |000 0 pol | ||
| 020 | _a8320810728 | ||
| 040 |
_cKOSZ 005 _aKOSZ 005 _dKOSZ 005/HR |
||
| 041 | 0 | _apol | |
| 046 | _k1997 | ||
| 080 | _a339.138 | ||
| 080 | _a(075.8) | ||
| 100 | 1 |
_aGarbarski, Lechosław _eAutor |
|
| 245 | 1 | 0 |
_aMarketing : _bpunkt zwrotny nowoczesnej firmy / _cLechosław Garbarski, Ireneusz Rutkowski, Wojciech Wrzosek. |
| 260 |
_aWarszawa : _bPolskie Wydawnictwo Ekonomiczne, _c1997. |
||
| 300 |
_a612 s. : _brys., wykr. ; _c24 cm. |
||
| 336 |
_2rdacontent _aTekst _btxt |
||
| 337 |
_2rdamedia _aBez urządzenia pośredniczącego _bn |
||
| 338 |
_2rdacarrier _aWolumin _bnc |
||
| 380 | _aKsiążki | ||
| 388 | _a1901-2000 | ||
| 388 | _a1989-2000 | ||
| 504 | _aBibliogr. s. 593-594. - Indeks. - Spis treści także ang. | ||
| 650 | 4 | _aMarketing | |
| 655 | 4 | _aPodręczniki akademickie | |
| 658 | _aZarządzanie i marketing | ||
| 700 | 1 |
_aWrzosek, Wojciech _d(1937- ) _eAutor |
|
| 700 | 1 |
_aRutkowski, Ireneusz _d(1953- ) _eAutor |
|
| 710 | 2 |
_aPolskie Wydawnictwo Ekonomiczne _4pbl. |
|
| 856 |
_uhttp://koha.tu.koszalin.pl/cgi-bin/koha/opac-detail.pl?biblionumber=31332 _yKatalog online BPK |
||
| 942 |
_cKS _2UKD |
||
| 999 |
_c31332 _d31332 |
||